| 000 | 00000nam##2200000za#4500 |
| 001 | 9.598946 |
| 003 | CaOODSP |
| 005 | 20210624204823 |
| 007 | cr ||||||||||| |
| 008 | 150406|1998||||xxc|||||o f|0| 0 fre|d |
| 040 | |aCaOODSP|bfre |
| 043 | |an-cn--- |
| 086 | 1 |aBT31-2/1999-III-1F-PDF |
| 110 | 1 |aCanada. |bConseil du trésor. |
| 245 | 10|aAgriculture et Agroalimentaire Canada, budget des dépenses 1998-1999, rapport sur les plans et les priorités |h[ressource électronique] |
| 260 | |aOttawa - Ontario : |bSecrétariat du Conseil du Trésor du Canada |cc1998. |
| 300 | |a49p.|borganigramme, tableaux |
| 490 | 1 |aBudget des dépenses 1998-1999. Partie III, Rapport sur les plans et les priorités |v1998-1999 |
| 500 | |aLe n° de catalogue (BT31-2/1999-III-13) et l'ISBN (0-660-60071-4) qui ont été copiés dans cette publication sont incorrects. |
| 590 | |a10-09-Supp|b2010-11-02 |
| 775 | 08|tAgriculture and Agri-food Canada, 1998-99 estimates, a report on plans and priorities |w(CaOODSP)9.567618 |
| 776 | 0#|tAgriculture et Agroalimentaire Canada |w(CaOODSP)9.530271 |
| 776 | 0#|tAgriculture and Agri-Food Canada |w(CaOODSP)9.530270 |
| 830 | #0|aBudget des dépenses 1998-1999. Partie III, Rapport sur les plans et les priorités ;|v1998-1999|w(CaOODSP)9.502118 |
| 856 | 40|ahttp://publications.gc.ca|qPDF|s426 Ko|uhttps://publications.gc.ca/collections/Collection/BT31-2-1999-III-1F.pdf|y1998-1999 |